000 00832cam a2200229 a 4500
999 _c32970
_d32970
005 20181228150517.0
008 060803s2007 njua b 001 0 eng
010 _aENG-95644
020 _a9788120338807
_c295.00
035 _aEN-79177, B-182220
037 _aDBAD/PUB
040 _aDPL
082 _a510
100 _aBiswal, Purna Chandra
245 _aDiscrete mathematics and graph theory /
_cby Purna Chandra Biswal
250 _a2nd ed.
260 _aNew Delhi :
_bPHI Learning P. Ltd.
_c2009
300 _axviii, 490p. :
_c24 cm. (Pbk)
500 _aIncludes bibliography ref. and indexes.
942 _2ddc
_cEN
_mBIS
_h510